Transfer Pricing : (Record no. 180796)

MARC details
000 -LEADER
fixed length control field 00588nam a22001937a 4500
005 - DATE AND TIME OF LATEST TRANSACTION
control field 20210818145731.0
010 ## - LCCN (DPL NO)
LC control number ENG-129745
020 ## - INTERNATIONAL STANDARD BOOK NUMBER
Terms of availability 1895.00
035 ## - SYSTEM CONTROL NUMBER
System control number EN-113277
037 ## - SOURCE OF ACQUISITION
Source of stock number/acquisition DBAD/PUB
082 ## - DEWEY DECIMAL CLASSIFICATION NUMBER
Classification number 338.522
100 ## - MAIN ENTRY--PERSONAL NAME
Personal name Butani,Mukesh
245 ## - TITLE STATEMENT
Title Transfer Pricing :
Statement of responsibility, etc Mukesh Butani
250 ## - EDITION STATEMENT
Edition statement 2021
Remainder of edition statement 3rd.
260 ## - PUBLICATION, DISTRIBUTION, ETC. (IMPRINT)
Place of publication, distribution, etc Gurgaon
Name of publisher, distributor, etc LexisNexis
Date of publication, distribution, etc 2021
270 ## - ADDRESS
City Gurgaon
Address 14th floor,Building no 10,Tower-B,DLF cyber city, Phase-2
Postal code 122002
Telephone number 911244774100
Electronic mail address help.in@lexisnexis.com
300 ## - PHYSICAL DESCRIPTION
Extent xxiv;404p.
Dimensions 22cm (hbk)
942 ## - ADDED ENTRY ELEMENTS (KOHA)
Source of classification or shelving scheme Dewey Decimal Classification
Item type English Books
Call number prefix BUT
Classification part 338.522
Holdings
Withdrawn status Lost status Not for loan Collection code Home library Current library Date acquired Source of acquisition Cost, normal purchase price Full call number Barcode Copy number Cost, replacement price Koha item type
      Non-fiction Sarojini Nagar Sarojini Nagar 18/08/2021 DBAD/PUB 1895.00 338.522 EN-113277 1 1895.00 English Books

© Delhi Public Library
Hit Counter
free hit counter